Eurovision 2026 Grand Final Scoreboard - Statistics

General Stats
  • This quiz has been taken 76 times
  • The average score is 22 of 25
Answer Stats
Place Country Points % Correct
1st Bulgaria 516
100%
2nd Israel 343
100%
3rd Romania 296
100%
4th Australia 287
97%
25th United Kingdom 1
97%
6th Finland 279
93%
10th Greece 220
93%
24th Austria 6
91%
23rd Germany 12
91%
5th Italy 281
91%
7th Denmark 243
90%
11th France 158
88%
8th Moldova 226
88%
20th Sweden 51
88%
21st Belgium 36
87%
14th Norway 134
87%
15th Croatia 124
84%
22nd Lithuania 22
84%
12th Poland 150
82%
16th Czechia 113
81%
9th Ukraine 221
81%
18th Malta 89
79%
17th Serbia 90
78%
13th Albania 145
76%
19th Cyprus 75
75%
No matching quizzes found
Score Distribution
Percent of People with Each Score
Percentile by Number Answered
Your Score History
You have not taken this quiz